书目信息 |
| 题名: |
古典芭蕾课堂进程教学法
|
|
| 作者: | 木鲁耶娃 , 塔吉亚娜·木鲁耶娃 著 ;郭冬梅 译 | |
| 分册: | ||
| 出版信息: | 北京 中央民族大学出版社 2005 |
|
| 页数: | 159页 | |
| 开本: | 28cm | |
| 丛书名: | ||
| 单 册: | ||
| 中图分类: | J732.5 | |
| 科图分类: | ||
| 主题词: | 古典芭蕾--教学法--高等学校--教材 | |
| 电子资源: | ||
| ISBN: | 7-81108-043-5 | |
| 000 | 01073nam0 2200301 450 | |
| 000 | 01036nam0 2200289 450 | |
| 000 | 00945nam0 2200277 450 | |
| 000 | 00891nam0 2200253 450 | |
| 000 | 00909nam0 2200241 450 | |
| 000 | 00872nam0 2200229 45 | |
| 005 | 20061209171357.93 | |
| 010 | @a7-81108-043-5@dCNY50.00 | |
| 100 | @a20060829d2005 em y0chiy0120 ea | |
| 101 | 0 | @achi@arus |
| 102 | @aCN@b110000 | |
| 105 | @aa z 000yy | |
| 200 | 1 | @a古典芭蕾课堂进程教学法@AGu Dian Ba Lei Ke Tang Jin Cheng Jiao Xue Fa@f(俄)塔吉亚娜·木鲁耶娃著@F(e)ta ji ya na·mu lu ye wa zhu@g郭冬梅译 |
| 210 | @a北京@c中央民族大学出版社@d2005 | |
| 215 | @a159页@c图@d28cm | |
| 606 | 0 | @a古典芭蕾@x教学法@x高等学校@x教材 |
| 690 | @aJ732.5@v4 | |
| 701 | 1 | @a木鲁耶娃@AMu Lu Ye Wa@b塔吉亚娜@4著 |
| 701 | 0 | @a塔吉亚娜·木鲁耶娃@Ata ji ya na·mu lu ye wa@4著 |
| 702 | 0 | @a郭冬梅@AGuo Dong Mei@4译 |
| 801 | 0 | @aCN@b中图数据@c20061209 |
| 905 | @a10447@dJ732.5@e70 | |
| 古典芭蕾课堂进程教学法/(俄)塔吉亚娜·木鲁耶娃著/郭冬梅译.-北京:中央民族大学出版社,2005 |
| 159页:图;28cm |
| ISBN 7-81108-043-5:CNY50.00 |
| ● |
| 相关链接 |
|
|
|
|
正题名:古典芭蕾课堂进程教学法
索取号:J732.5/70
 
预约/预借
| 序号 | 登录号 | 条形码 | 馆藏地/架位号 | 状态 | 备注 |
| 1 | 0606665 | 206066656 | 第一样本阅览室/ [索取号:J732.5/70] | 在馆 | |
| 2 | 0606666 | 206066665 | 第一借阅区/ [索取号:J732.5/70] | 在馆 | |
| 3 | 0606667 | 206066674 | 第一借阅区/ [索取号:J732.5/70] | 在馆 | |
| 4 | 0606668 | 206066683 | 第一借阅区/ [索取号:J732.5/70] | 在馆 | |
| 5 | 0606669 | 206066692 | 第一借阅区/ [索取号:J732.5/70] | 在馆 |